Normal view
MARC view
- CALCULUS FOR SCIENTISTS AND ENGINEERS
Entry Topical Term
001 - CONTROL NUMBER
- control field: 61513
003 - CONTROL NUMBER IDENTIFIER
- control field: NUST
005 - DATE AND TIME OF LATEST TRANSACTION
- control field: 20210628202751.0
008 - FIXED-LENGTH DATA ELEMENTS
- fixed length control field: 210628|| aca||aabn | a|a d
040 ## - CATALOGING SOURCE
- Original cataloging agency: NUST
- Transcribing agency: NUST
150 ## - HEADING--TOPICAL TERM
- Topical term or geographic name entry element: CALCULUS FOR SCIENTISTS AND ENGINEERS
670 ## - SOURCE DATA FOUND
- Source citation: Work cat.: (NUST): Joshi, K .D 60246, Calculus for scientists and engineers an analytical approach, 2003
